LEADER 01518nam a2200301 i 4500 001 000000222026 003 CaOOAMICUS 005 20221117113136.0 008 130830s2013 it u000 u ita u 013 $a200923 020 $a978-88-514-1198-5 040 $aSeMil$bita 245 00$aCome ti racconto le parabole :$bsussidio per gli insegnanti di religione della scuola dell'infanzia /$cFranco Manzi ed. ; con i contributi di C. Guffanti ... [et al.]. 264 1$aMilano :$bÀncora,$c2013. 300 $a160 p. ;$c21 cm +$e1 CD-ROM 500 $aSul frontespizio: Arcidiocesi di Milano, Servizio per l'insegnamento della religione cattolica e Istituto superiore di scienze religiose 650 4$aScuola materna - Didattica.$0(OLS)http://semarc/subject/14650 650 4$aReligione - Didattica.$0(OLS)http://semarc/subject/38788 700 1 $aManzi, Franco,$d<1966- >.$0(OLS)http://semarc/name/6300 700 1 $aGuffanti, Cinzia.$0(OLS)http://semarc/name/116831 850 $aSeMil 852 $aSeMil$W1$xVenegono$y1$m2V III 255$j172375$B172375$CSeMilBibl$Z2$F182941 $81 961 $aManzi don Franco - omaggio 961 $aCon dedica autografa di don Franco Manzi 996 $6020$a978-88-514-1198-5$9(OLS)http://semarc/number/221361 996 $6245$aCome ti racconto le parabole :$bsussidio per gli insegnanti di religione della scuola dell'infanzia$9(OLS)http://semarc/title/318332 996 $6264$aMilano :$bÀncora$9(OLS)http://semarc/publisher/29763 LEADER 01134nam a2200301 i 4500 001 000000101951 003 CaOOAMICUS 005 20190405120929.0 008 180830s2000 xx u000 u und u 013 $a74103 020 $a88-452-9071-9 040 $aSeMil$bita 100 1 $aBacon, Francis,$d<1561-1626>.$0(OLS)http://semarc/name/2789 245 10$aSapienza degli antichi /. 260 $aMilano :$bBompiani,$c2000. 300 $a308 p. 490 0 $aBompiani Testi a fronte 500 $aTesto latino a fronte 650 4$aScienza.$0(OLS)http://semarc/subject/15939 650 4$aNatura.$0(OLS)http://semarc/subject/8947 700 1 $aMarchetto, Michele,$d<1958- >.$0(OLS)http://semarc/name/43765 830 0$aBompiani. Testi a fronte.$0(OLS)http://semarc/title/12808 850 $aSeMil 852 $aSeMil$W1$xVenegono$y1$m86 38 20 *$j58593$B58593$CSeMilBibl$Z2$F69462 $81 996 $6020$a88-452-9071-9$9(OLS)http://semarc/number/81660 996 $6245$aSapienza degli antichi$9(OLS)http://semarc/title/148711 996 $6260$aMilano :$bBompiani$9(OLS)http://semarc/publisher/29706